LEADER 01147nam a2200265 i 4500 001 000000079148 003 CaOOAMICUS 005 20170328000000.0 008 170328s2001 it u000 u ita u 013 $a51385 020 $a88-348-1390-1 040 $aSeMil$bita 100 1 $aMoneta, Paolo.$0(OLS)http://semarc/name/31540 245 10$aIntroduzione al diritto canonico /$cPaolo Moneta. 260 $aTorino :$bGiappichelli,$c2001. 300 $aIX, 175 p. ;$c23 cm. 490 0 $aCollana di studi di diritto canonico ed ecclesiastico. Sezione canonistica ;$v30 650 4$aDiritto canonico - Studi.$0(OLS)http://semarc/subject/1680 830 0$aCollana di studi di diritto canonico ed ecclesiastico. Sezione canonistica ;$v30.$0(OLS)http://semarc/title/8580 850 $aSeMil 852 $aSeMil$W1$xVenegono$y1$m2H III 39$j44906$B44906$CSeMilBibl$Z2$F46744 $81 961 $aLascito: Coronelli don Renato 996 $6020$a88-348-1390-1$9(OLS)http://semarc/number/270387 996 $6245$aIntroduzione al diritto canonico$9(OLS)http://semarc/title/37304 996 $6260$aTorino :$bGiappichelli$9(OLS)http://semarc/publisher/31793 LEADER 01464nam a2200313 i 4500 001 000000100312 003 CaOOAMICUS 005 20211021095059.0 008 171006s2017 it u000 u ita u 013 $a72464 020 $a978-88-04-68088-8 040 $aSeMil$bita 100 1 $aGalli, Andrea,$d<1974- >.$0(OLS)http://semarc/name/92667 245 10$aDalla Chiesa :$bstoria del generale dei carabinieri che sconfisse il terrorismo e morì a Palermo ucciso dalla mafia /$cAndrea Galli ; Prefazione di Aldo Cazzullo. 264 1$aMilano :$bMondadori,$c2017. 300 $aIX, 309 p., [16] p. di tav. :$bill. ;$c24 cm. 490 0 $aLe scie 541 0 $aOmaggio mons. Mario Delpini (3V V 24) 600 14$aDalla Chiesa, Carlo Alberto <1920-1982>.$0(OLS)http://semarc/subject/45895 700 1 $aCazzullo, Aldo,$d<1966- >.$0(OLS)http://semarc/name/29742 830 3$aLe scie.$0(OLS)http://semarc/title/6825 850 $aSeMil 852 $aSeMil$W1$xVenegono$y1$m3V V 24$j57468$B57468$CSeMilBibl$Z2$F67823 $81 941 1 $a7 961 $aOmaggio mons. Mario Delpini. -- Con dedica autografa 996 $6020$a978-88-04-68088-8$9(OLS)http://semarc/number/272471 996 $6245$aDalla Chiesa :$bstoria del generale dei carabinieri che sconfisse il terrorismo e morì a Palermo ucciso dalla mafia$9(OLS)http://semarc/title/406646 996 $6264$aMilano :$bMondadori$9(OLS)http://semarc/publisher/30335